000
00281nam a2200121Ia 4500
008
191201s2010 xx 000 0 und d
100
_a
MALLIN,Christine A
245
0
_a
Corporate Governance
260
_a
N. delhi
_b
Oxford
_c
2010
300
_a
357
650
_a
MBA
942
_2
ddc
_c
BK
999
_c
4790
_d
4790